<?xml version="1.0" encoding="UTF-8"?>
<record
    xmlns:xsi="http://www.w3.org/2001/XMLSchema-instance"
    xsi:schemaLocation="http://www.loc.gov/MARC21/slim http://www.loc.gov/standards/marcxml/schema/MARC21slim.xsd"
    xmlns="http://www.loc.gov/MARC21/slim">

  <leader>03110nam a2200541Ia 4500</leader>
  <controlfield tag="001">109</controlfield>
  <controlfield tag="008">241029s9999    xx            000 0 und d</controlfield>
  <datafield tag="010" ind1=" " ind2=" ">
    <subfield code="a">91</subfield>
  </datafield>
  <datafield tag="041" ind1=" " ind2=" ">
    <subfield code="a">Espa&#xF1;ol</subfield>
  </datafield>
  <datafield tag="082" ind1=" " ind2=" ">
    <subfield code="a">NO APLICA</subfield>
  </datafield>
  <datafield tag="245" ind1=" " ind2="0">
    <subfield code="a">La gesti&#xF3;n del coordinador en las pr&#xE1;cticas pedag&#xF3;gicas de docentes en los Centros de Educaci&#xF3;n B&#xE1;sica Cristo Rey y Jaime Mota del Distrito Educativo 01-03 de Barahona. A&#xF1;o Escolar 2012-2013</subfield>
  </datafield>
  <datafield tag="260" ind1=" " ind2=" ">
    <subfield code="a">Barahona</subfield>
  </datafield>
  <datafield tag="300" ind1=" " ind2=" ">
    <subfield code="a">127</subfield>
  </datafield>
  <datafield tag="520" ind1=" " ind2=" ">
    <subfield code="a">8</subfield>
  </datafield>
  <datafield tag="630" ind1=" " ind2=" ">
    <subfield code="a">Docentes</subfield>
  </datafield>
  <datafield tag="630" ind1=" " ind2=" ">
    <subfield code="a">Educaci&#xF3;n</subfield>
  </datafield>
  <datafield tag="630" ind1=" " ind2=" ">
    <subfield code="a">Gesti&#xF3;n</subfield>
  </datafield>
  <datafield tag="650" ind1=" " ind2=" ">
    <subfield code="a">Educaci&#xF3;n</subfield>
  </datafield>
  <datafield tag="690" ind1=" " ind2=" ">
    <subfield code="a">Elaborado</subfield>
  </datafield>
  <datafield tag="700" ind1=" " ind2=" ">
    <subfield code="e">asesor</subfield>
    <subfield code="a">L&#xF3;pez Garc&#xED;a, Jes&#xFA;s Manuel </subfield>
  </datafield>
  <datafield tag="700" ind1=" " ind2=" ">
    <subfield code="e">autor</subfield>
    <subfield code="a">Carrasco de la Cruz, Mar&#xED;a Altagracia </subfield>
  </datafield>
  <datafield tag="901" ind1=" " ind2=" ">
    <subfield code="a">{"1":"Carrasco de la Cruz"}</subfield>
    <subfield code="b">{"1":"Mar&#xED;a Altagracia "}</subfield>
  </datafield>
  <datafield tag="902" ind1=" " ind2=" ">
    <subfield code="a">1</subfield>
  </datafield>
  <datafield tag="903" ind1=" " ind2=" ">
    <subfield code="a">{"1":"L&#xF3;pez Garc&#xED;a"}</subfield>
    <subfield code="b">{"1":"Jes&#xFA;s Manuel "}</subfield>
  </datafield>
  <datafield tag="904" ind1=" " ind2=" ">
    <subfield code="a">Mag&#xED;ster en</subfield>
  </datafield>
  <datafield tag="905" ind1=" " ind2=" ">
    <subfield code="a">Gesti&#xF3;n de Centros Educativos</subfield>
  </datafield>
  <datafield tag="906" ind1=" " ind2=" ">
    <subfield code="a">2</subfield>
  </datafield>
  <datafield tag="907" ind1=" " ind2=" ">
    <subfield code="a">NO APLICA</subfield>
  </datafield>
  <datafield tag="908" ind1=" " ind2=" ">
    <subfield code="a">NO APLICA</subfield>
  </datafield>
  <datafield tag="909" ind1=" " ind2=" ">
    <subfield code="a">Universidad Cat&#xF3;lica Tecnol&#xF3;gica del Cibao (UCATECI)</subfield>
  </datafield>
  <datafield tag="910" ind1=" " ind2=" ">
    <subfield code="a">NULL</subfield>
    <subfield code="b">NULL</subfield>
  </datafield>
  <datafield tag="911" ind1=" " ind2=" ">
    <subfield code="a">["1"]</subfield>
  </datafield>
  <datafield tag="912" ind1=" " ind2=" ">
    <subfield code="a">NO APLICA</subfield>
  </datafield>
  <datafield tag="913" ind1=" " ind2=" ">
    <subfield code="a">NULL</subfield>
  </datafield>
  <datafield tag="914" ind1=" " ind2=" ">
    <subfield code="a">04 de Abril de 2014</subfield>
  </datafield>
  <datafield tag="915" ind1=" " ind2=" ">
    <subfield code="a">20/07/15 08:07</subfield>
  </datafield>
  <datafield tag="916" ind1=" " ind2=" ">
    <subfield code="a">NULL</subfield>
  </datafield>
  <datafield tag="917" ind1=" " ind2=" ">
    <subfield code="a">NULL</subfield>
  </datafield>
  <datafield tag="918" ind1=" " ind2=" ">
    <subfield code="a">NO APLICA</subfield>
  </datafield>
  <datafield tag="919" ind1=" " ind2=" ">
    <subfield code="a">["70","72","111"]</subfield>
  </datafield>
  <datafield tag="520" ind1=" " ind2=" ">
    <subfield code="a">Este estudio plante&#xF3; como objetivo general analizar la incidencia de la gesti&#xF3;n del coordinador en las pr&#xE1;cticas pedag&#xF3;gicas de los docentes de los centros educativos del Nivel B&#xE1;sico Cristo Rey y Jaime Mota del Distrito 01-03 de Barahona. Entre sus objetivos espec&#xED;ficos estableci&#xF3; identificar el nivel de conocimiento que tienen los coordinadores sobre las pr&#xE1;cticas pedag&#xF3;gicas, investigar el cumplimiento de su rol, &#xA0;y explicar &#xA0;las causas de su abandono.Este estudio fue de tipo no experimental y se enmarc&#xF3; en la investigaci&#xF3;n descriptiva, de campo y de an&#xE1;lisis bibliogr&#xE1;fico. Utiliz&#xF3; el enfoque cualitativo, y tuvo un alcance exploratorio y descriptivo. Las t&#xE9;cnicas usadas fueron la observaci&#xF3;n documental y/o bibliogr&#xE1;fica, la observaci&#xF3;n participante y la entrevista. La Poblaci&#xF3;n objeto de estudio estuvo conformada por 44 individuos, distribuidos de la siguiente manera: 01 Directora, 01 sub Directora, 02 Coordinadoras, 02 Orientadoras y 38 maestros que laboran en ambos centros educativos.Las conclusiones a las que arribaron en esta investigaci&#xF3;n fueron las siguientes: la gesti&#xF3;n de los coordinadores en sentido general es positiva, poseen un amplio conocimiento sobre las Pr&#xE1;cticas Pedag&#xF3;gicas, ponen en marcha acciones innovadoras y que poseen como debilidad el poco dominio de las Tics. En tal sentido, se recomend&#xF3; realizar &#xA0;cursos de reforzamiento sobre &#xA0;buenas Pr&#xE1;cticas Pedag&#xF3;gicas tanto a Coordinadores como a Docentes, prepararse en el manejo de las Tics, y que los T&#xE9;cnicos Distritales den mayor apoyo y supervisi&#xF3;n a los Coordinadores en el cumplimiento de su rol.</subfield>
  </datafield>
  <datafield tag="921" ind1=" " ind2=" ">
    <subfield code="a">24</subfield>
  </datafield>
  <datafield tag="922" ind1=" " ind2=" ">
    <subfield code="a">24</subfield>
  </datafield>
  <datafield tag="923" ind1=" " ind2=" ">
    <subfield code="a">0</subfield>
  </datafield>
  <datafield tag="924" ind1=" " ind2=" ">
    <subfield code="a">NO APLICA</subfield>
  </datafield>
  <datafield tag="942" ind1=" " ind2=" ">
    <subfield code="c">Tesis</subfield>
  </datafield>
  <datafield tag="999" ind1=" " ind2=" ">
    <subfield code="c">91</subfield>
    <subfield code="d">91</subfield>
  </datafield>
</record>
